| 000 | 00770na a2200253 4500 | ||
|---|---|---|---|
| 001 | 23823 | ||
| 003 | MIRAKIL | ||
| 005 | 20181213155319.0 | ||
| 008 | 171228b tu 000 0 | ||
| 040 |
_aMilas _btur _cTR-AnCHP |
||
| 041 | _atur | ||
| 082 |
_a320.9561 _bC67s 1997 |
||
| 090 | _a320.9561 C67s 1997 | ||
| 100 | _aCoşkun, Alev | ||
| 245 |
_aSepetteki laleler _bSiyasi ve toplumsal yazılar _cAlev Coşkun |
||
| 246 | _aSiyasi ve toplumsal yazılar | ||
| 260 |
_aİstanbul _bÇağdaş Yayınları _c1997 _fYenigün Haber Ajansı |
||
| 300 |
_a206 s. _c20 sm. |
||
| 500 | _aYapıt yazarından imzalıdır. | ||
| 650 |
_aSiyasal tarih _xTürkiye |
||
| 650 |
_aSiyaset ve yönetim _xTürkiye |
||
| 740 | _aSiyasi ve toplumsal yazılar | ||
| 942 |
_2ddc _cBKS |
||
| 999 |
_c10386 _d10386 |
||